Statistics for Geography groups of two by clue

Click here to take the quiz!

General Stats

  • This quiz has been taken 287 times
  • The average score is 14 of 20

Answer Stats

HintAnswer% Correct
Island nations in the MediterraneanCyprus
97%
Malta
95%
Russia
93%
Red Sea
92%
Seas bordered by EgyptMediterranean Sea
91%
United Kingdom
91%
Countries on IrelandIreland
88%
Non-nordic countries bordering the nordicsGermany
87%
Greenland
81%
Cities connected by the Øresund bridgeCopenhagen
80%
Cities with a population above 1 million ending with "don"London
74%
Tokyo
73%
Malmö
63%
Nevada
57%
U.S states that share a border on the Hoover DamArizona
56%
Countries hosted the UEFA Euro 2012Poland
56%
Danish overseas territoriesFaroe Islands
51%
Urban areas with a population above 40 millionGuangzhou
50%
Ukraine
39%
Rostov-on-Don
10%

Score Distribution

Percentile by Number Answered

Percent of People with Each Score

Your Score History

You have not taken this quiz